000 01476cam a2200373 a 4500
003 CHAP
005 20220817043835.0
008 020529d2001 mx ad r 10100 spa d
010 _a85807
011 _a86779
035 _a97319
040 _cCHAP
082 0 4 _a631.3
_bI55
110 2 _aINIFAP. México.
_bCampo Experimental Valle de México
245 1 0 _aDía de campo CEVAMEX 2001:
_bmemoria
_c/por INIFAP. Campo Experimental Valle de México
260 _aChapingo, Méx. :
_bINIFAP. Campo Experimental Valle de México,
_c2001.
300 _a147 p. :
_bilus. ; gráfs. ; cuadros ; tablas ; diagrama
410 2 1 _aINIFAP. México.
_bCampo Experimental Valle de México
490 0 _aMemoria técnica
_vNo. 1
590 _aBATCH-UPD
_b10
_c20130110
_lUCH01
_h0634
590 _aBATCH-UPD
_b10
_c20130410
_lUCH01
_h0318
590 _aBATCH-UPD
_b10
_c20130410
_lUCH01
_h1629
590 _aBATCH-UPD
_b10
_c20130914
_lUCH01
_h1759
590 _aCONVERSION
_b10
_c20130109
_lUCH01
_h1348
650 1 4 _aMaquinaria agrícola.
_971151
711 0 2 _aExposición Nacional de Maquinaria Agrícola
_n(1 :
_d2001 :
_cChapingo, Méx.)
_939128
810 2 1 _aINIFAP. México.
_bCampo Experimental Valle de México
830 0 0 _aMemoria técnica
_vNo. 1
_974512
901 _aBK
905 _aMarco A. Mendoza T.
942 _cLIBRO
949 _a631.3 I55
_bBC
_cLIBRO
_d33724000850749
_eLIBRO
_h102614
_i97319
_sb
949 _a631.3 I55
_bBC
_cLIBRO
_d33724000850756
_eLIBRO
_fc.2
_h102615
_i97319
_sb
999 _c85807
_d85807